[Event "Team Championship (men blitz)"]
[Site "Sochi"]
[Date "2017.10.05"]
[Round "11.17"]
[White "Rakhmanov, Aleksandr"]
[Black "Sarana, Alexey"]
[Result "1-0"]
[LiveChessVersion "1.4.8"]
[BlackElo "2574"]
[WhiteElo "2600"]

1. d4 {[%clk 0:03:03]} Nf6 {[%clk 0:03:03]} 2. c4 {[%clk 0:03:04]} e6
{[%clk 0:03:05]} 3. Nc3 {[%clk 0:03:05]} Bb4 {[%clk 0:03:06]} 4. e3
{[%clk 0:03:06]} O-O {[%clk 0:03:05]} 5. Bd3 {[%clk 0:03:07]} d5 {[%clk 0:03:05]}
6. Nge2 {[%clk 0:03:07]} c5 {[%clk 0:03:06]} 7. O-O {[%clk 0:02:59]} cxd4
{[%clk 0:03:03]} 8. exd4 {[%clk 0:03:00]} dxc4 {[%clk 0:03:02]} 9. Bxc4
{[%clk 0:03:00]} Nc6 {[%clk 0:02:58]} 10. Bg5 {[%clk 0:02:56]} Be7
{[%clk 0:02:57]} 11. a3 {[%clk 0:02:50]} Nd5 {[%clk 0:02:51]} 12. Bxe7
{[%clk 0:02:43]} Ncxe7 {[%clk 0:02:52]} 13. Re1 {[%clk 0:02:40]} b6
{[%clk 0:02:53]} 14. Bxd5 {[%clk 0:02:37]} Nxd5 {[%clk 0:02:53]} 15. Nxd5
{[%clk 0:02:38]} Qxd5 {[%clk 0:02:54]} 16. Nc3 {[%clk 0:02:28]} Qg5
{[%clk 0:02:31]} 17. Qf3 {[%clk 0:01:52]} Rb8 {[%clk 0:02:32]} 18. Rad1
{[%clk 0:01:44]} Bb7 {[%clk 0:02:33]} 19. Qg3 {[%clk 0:01:44]} Qxg3
{[%clk 0:02:28]} 20. hxg3 {[%clk 0:01:45]} Rfd8 {[%clk 0:02:29]} 21. d5
{[%clk 0:01:21]} exd5 {[%clk 0:02:19]} 22. Re7 {[%clk 0:01:12]} Kf8
{[%clk 0:02:19]} 23. Rc7 {[%clk 0:01:11]} Rdc8 {[%clk 0:02:16]} 24. Nxd5
{[%clk 0:00:52]} Bxd5 {[%clk 0:01:11]} 25. Rxc8+ {[%clk 0:00:53]} Rxc8
{[%clk 0:01:12]} 26. Rxd5 {[%clk 0:00:54]} Rc1+ {[%clk 0:01:13]} 27. Kh2
{[%clk 0:00:55]} Rc2 {[%clk 0:01:14]} 28. b4 {[%clk 0:00:46]} Rc3
{[%clk 0:00:33]} 29. a4 {[%clk 0:00:44]} Ke7 {[%clk 0:00:23]} 30. a5
{[%clk 0:00:35]} Rc4 {[%clk 0:00:22]} 31. axb6 {[%clk 0:00:31]} axb6
{[%clk 0:00:23]} 32. Rb5 {[%clk 0:00:32]} Rc6 {[%clk 0:00:24]} 33. g4
{[%clk 0:00:28]} Rf6 {[%clk 0:00:24]} 34. Kg3 {[%clk 0:00:28]} Kd7
{[%clk 0:00:25]} 35. Re5 {[%clk 0:00:18]} Kd6 {[%clk 0:00:25]} 36. f4
{[%clk 0:00:08]} Re6 {[%clk 0:00:23]} 37. Rf5 {[%clk 0:00:09]} f6
{[%clk 0:00:23]} 38. g5 {[%clk 0:00:11]} g6 {[%clk 0:00:15]} 39. Rxf6
{[%clk 0:00:11]} Rxf6 {[%clk 0:00:16]} 40. gxf6 Ke6 41. Kf3 {[%clk 0:00:08]} Kxf6
42. Ke4 Ke6 {[%clk 0:00:14]} 43. b5 {[%clk 0:00:10]} h6 {[%clk 0:00:08]} 44. Kd4
{[%clk 0:00:06]} Kd6 {[%clk 0:00:07]} 45. g4 {[%clk 0:00:06]} h5 {[%clk 0:00:05]}
46. f5 {[%clk 0:00:08]} hxg4 47. Ke4 Kd5+ 1-0

[Event "Team Championship (men blitz)"]
[Site "Sochi"]
[Date "2017.10.05"]
[Round "11.18"]
[White "Demidov, Mikhail"]
[Black "Rozum, Ivan"]
[Result "0-1"]
[LiveChessVersion "1.4.8"]
[BlackElo "2553"]
[WhiteElo "2555"]

1. Nf3 {[%clk 0:03:03]} Nf6 {[%clk 0:03:03]} 2. g3 {[%clk 0:03:04]} b6
{[%clk 0:03:04]} 3. Bg2 {[%clk 0:03:05]} Bb7 {[%clk 0:03:05]} 4. O-O
{[%clk 0:03:06]} e6 {[%clk 0:03:06]} 5. d3 {[%clk 0:03:07]} d5 {[%clk 0:03:07]}
6. c4 {[%clk 0:03:08]} Be7 {[%clk 0:03:04]} 7. b3 {[%clk 0:03:01]} O-O
{[%clk 0:03:04]} 8. Bb2 {[%clk 0:03:02]} c5 {[%clk 0:03:05]} 9. cxd5
{[%clk 0:03:03]} Bxd5 {[%clk 0:03:01]} 10. Nc3 {[%clk 0:03:01]} Bb7
{[%clk 0:03:02]} 11. d4 {[%clk 0:03:01]} Na6 {[%clk 0:02:51]} 12. Rc1
{[%clk 0:02:54]} Rc8 {[%clk 0:02:45]} 13. Nb5 {[%clk 0:02:46]} Nc7
{[%clk 0:02:38]} 14. Nxc7 {[%clk 0:01:59]} Rxc7 {[%clk 0:02:38]} 15. dxc5
{[%clk 0:01:57]} Rxc5 {[%clk 0:02:30]} 16. Rxc5 {[%clk 0:01:50]} Bxc5
{[%clk 0:02:29]} 17. Qc2 {[%clk 0:01:45]} Be4 {[%clk 0:02:27]} 18. Qc4
{[%clk 0:01:43]} Qd5 {[%clk 0:02:23]} 19. Qxd5 {[%clk 0:01:36]} Nxd5
{[%clk 0:02:03]} 20. Ne5 {[%clk 0:01:33]} Bxg2 21. Kxg2 {[%clk 0:01:34]} Rd8
{[%clk 0:01:41]} 22. Rc1 {[%clk 0:01:35]} f6 {[%clk 0:01:38]} 23. Nd3
{[%clk 0:01:10]} Be7 {[%clk 0:01:38]} 24. a3 {[%clk 0:01:05]} Kf7
{[%clk 0:01:34]} 25. Kf3 {[%clk 0:01:02]} Rd7 {[%clk 0:01:33]} 26. Rc8
{[%clk 0:00:56]} Rc7 {[%clk 0:01:30]} 27. Ra8 {[%clk 0:00:56]} e5
{[%clk 0:01:29]} 28. e4 {[%clk 0:00:54]} Nc3 {[%clk 0:01:27]} 29. a4
{[%clk 0:00:37]} Ke6 {[%clk 0:01:08]} 30. h4 {[%clk 0:00:35]} h5 {[%clk 0:01:08]}
31. Rg8 {[%clk 0:00:30]} Kf7 {[%clk 0:01:06]} 32. Ra8 {[%clk 0:00:31]} g6
{[%clk 0:00:53]} 33. Rh8 {[%clk 0:00:20]} Ke6 {[%clk 0:00:53]} 34. Rg8
{[%clk 0:00:22]} Kf7 {[%clk 0:00:53]} 35. Rh8 {[%clk 0:00:23]} Bf8
{[%clk 0:00:50]} 36. Rh7+ {[%clk 0:00:16]} Bg7 {[%clk 0:00:51]} 37. Nb4
{[%clk 0:00:15]} Kg8 {[%clk 0:00:51]} 38. Rxg7+ {[%clk 0:00:15]} Kxg7
{[%clk 0:00:52]} 39. Na6 {[%clk 0:00:12]} Rc8 {[%clk 0:00:53]} 40. Nb4
{[%clk 0:00:13]} Kf7 {[%clk 0:00:54]} 41. Ba1 {[%clk 0:00:13]} Ke6
{[%clk 0:00:54]} 42. Ke3 {[%clk 0:00:14]} Nd1+ {[%clk 0:00:51]} 43. Ke2
{[%clk 0:00:15]} Rc1 {[%clk 0:00:51]} 44. Nd3 {[%clk 0:00:11]} Rxa1
{[%clk 0:00:51]} 45. f4 {[%clk 0:00:12]} Nc3+ {[%clk 0:00:52]} 46. Ke3
{[%clk 0:00:14]} Rb1 {[%clk 0:00:46]} 47. b4 {[%clk 0:00:15]} Nxa4
{[%clk 0:00:47]} 48. Kd4 0-1

[Event "Team Championship (men blitz)"]
[Site "Sochi"]
[Date "2017.10.05"]
[Round "11.19"]
[White "Moiseenko, Vadim"]
[Black "Lugovskoy, Maxim"]
[Result "0-1"]
[LiveChessVersion "1.4.8"]
[BlackElo "2512"]
[WhiteElo "2497"]

1. Nf3 {[%clk 0:03:04]} d5 {[%clk 0:03:03]} 2. g3 {[%clk 0:03:05]} Nc6
{[%clk 0:03:04]} 3. d4 {[%clk 0:03:05]} Bg4 {[%clk 0:03:05]} 4. Bg2
{[%clk 0:03:06]} Qd7 {[%clk 0:03:05]} 5. Nbd2 {[%clk 0:03:03]} O-O-O
{[%clk 0:03:03]} 6. O-O {[%clk 0:02:15]} h5 {[%clk 0:03:03]} 7. h4
{[%clk 0:02:13]} f6 {[%clk 0:02:44]} 8. c4 {[%clk 0:02:13]} e6 {[%clk 0:02:41]}
9. b4 {[%clk 0:01:49]} g5 {[%clk 0:02:35]} 10. b5 {[%clk 0:01:48]} Nce7
{[%clk 0:02:36]} 11. hxg5 {[%clk 0:01:46]} fxg5 {[%clk 0:02:36]} 12. Ne5
{[%clk 0:01:47]} Qe8 {[%clk 0:02:35]} 13. Qa4 {[%clk 0:01:30]} Kb8
{[%clk 0:02:36]} 14. Rb1 {[%clk 0:01:29]} Ka8 {[%clk 0:02:00]} 15. c5
{[%clk 0:01:21]} Bg7 {[%clk 0:01:50]} 16. c6 {[%clk 0:01:05]} Bxe5
{[%clk 0:01:49]} 17. cxb7+ {[%clk 0:01:02]} Kb8 {[%clk 0:01:43]} 18. dxe5
{[%clk 0:01:03]} Bxe2 {[%clk 0:01:08]} 19. Ba3 {[%clk 0:00:55]} Kxb7
{[%clk 0:00:59]} 20. Rfc1 {[%clk 0:00:45]} Nc8 {[%clk 0:00:55]} 21. Nc4
{[%clk 0:00:34]} Bxc4 {[%clk 0:00:25]} 22. Rxc4 {[%clk 0:00:33]} Kb8
{[%clk 0:00:19]} 23. Qa6 {[%clk 0:00:27]} h4 {[%clk 0:00:15]} 24. b6
{[%clk 0:00:22]} cxb6 {[%clk 0:00:10]} 25. Rxc8+ {[%clk 0:00:07]} Rxc8
{[%clk 0:00:12]} 26. Rxb6+ {[%clk 0:00:07]} axb6 {[%clk 0:00:12]} 27. Bd6+
{[%clk 0:00:08]} Rc7 {[%clk 0:00:12]} 28. Qxb6+ {[%clk 0:00:09]} Ka8
{[%clk 0:00:13]} 29. Bxc7 {[%clk 0:00:08]} Qc8 {[%clk 0:00:14]} 30. Qa5+
{[%clk 0:00:05]} Kb7 {[%clk 0:00:15]} 31. Qb6+ Ka8 32. Qc6+ {[%clk 0:00:05]} Qb7
{[%clk 0:00:17]} 33. Qe8+ {[%clk 0:00:06]} Ka7 {[%clk 0:00:17]} 34. Qa4+ Qa6 35.
Qd4+ Kb7 36. Bd6 {[%clk 0:00:06]} h3 {[%clk 0:00:21]} 37. Qb4+ {[%clk 0:00:04]}
Qb6 {[%clk 0:00:22]} 38. Qxb6+ {[%clk 0:00:06]} Kxb6 {[%clk 0:00:23]} 39. Bf3
{[%clk 0:00:06]} Nh6 {[%clk 0:00:22]} 40. Bh5 {[%clk 0:00:04]} Nf5
{[%clk 0:00:18]} 41. Bg4 {[%clk 0:00:05]} Nd4 {[%clk 0:00:19]} 42. Bb4
{[%clk 0:00:04]} h2+ {[%clk 0:00:19]} 43. Kh1 {[%clk 0:00:06]} Kb5
{[%clk 0:00:15]} 44. Bd2 {[%clk 0:00:06]} Nc6 {[%clk 0:00:09]} 45. Bxg5
{[%clk 0:00:05]} Nxe5 {[%clk 0:00:09]} 46. Be2+ {[%clk 0:00:06]} Nc4
{[%clk 0:00:08]} 47. Bh4 {[%clk 0:00:05]} d4 {[%clk 0:00:08]} 48. Kxh2
{[%clk 0:00:03]} e5 {[%clk 0:00:10]} 49. Kg2 {[%clk 0:00:03]} e4 {[%clk 0:00:10]}
50. a4+ {[%clk 0:00:05]} Kb4 {[%clk 0:00:10]} 51. Be7+ {[%clk 0:00:06]} Kc3
{[%clk 0:00:12]} 52. a5 {[%clk 0:00:05]} d3 {[%clk 0:00:13]} 53. Bg4
{[%clk 0:00:05]} d2 {[%clk 0:00:11]} 54. Bf6+ {[%clk 0:00:06]} Kc2
{[%clk 0:00:11]} 55. Bxh8 {[%clk 0:00:07]} e3 {[%clk 0:00:12]} 56. a6
{[%clk 0:00:07]} 0-1

[Event "Team Championship (men blitz)"]
[Site "Sochi"]
[Date "2017.10.05"]
[Round "11.20"]
[White "Krylov, Mikhail"]
[Black "Gogolev, Artem"]
[Result "1/2-1/2"]
[LiveChessVersion "1.4.8"]
[BlackElo "2330"]
[WhiteElo "2494"]

1. d4 {[%clk 0:03:03]} Nf6 {[%clk 0:03:03]} 2. c4 {[%clk 0:03:04]} e6
{[%clk 0:03:04]} 3. g3 {[%clk 0:03:05]} d5 {[%clk 0:03:05]} 4. Nf3
{[%clk 0:03:06]} Be7 {[%clk 0:03:05]} 5. Bg2 {[%clk 0:03:06]} O-O
{[%clk 0:03:06]} 6. O-O {[%clk 0:03:07]} dxc4 {[%clk 0:03:07]} 7. Qc2
{[%clk 0:03:03]} a6 {[%clk 0:03:07]} 8. Qxc4 {[%clk 0:03:04]} b5 {[%clk 0:03:08]}
9. Qc2 {[%clk 0:03:05]} Bb7 {[%clk 0:03:09]} 10. Bg5 {[%clk 0:03:03]} Nbd7
{[%clk 0:03:09]} 11. Nbd2 {[%clk 0:03:02]} c5 {[%clk 0:03:09]} 12. Bxf6
{[%clk 0:03:01]} gxf6 {[%clk 0:03:09]} 13. Nb3 {[%clk 0:02:48]} Rc8
{[%clk 0:02:59]} 14. dxc5 {[%clk 0:02:33]} Nxc5 {[%clk 0:02:57]} 15. Nxc5
{[%clk 0:02:05]} Bxc5 {[%clk 0:02:57]} 16. Qb3 {[%clk 0:01:55]} Qd5
{[%clk 0:02:51]} 17. Nh4 {[%clk 0:01:48]} Qxb3 {[%clk 0:02:43]} 18. axb3
{[%clk 0:01:49]} Bxg2 {[%clk 0:02:41]} 19. Kxg2 {[%clk 0:01:48]} Bd4
{[%clk 0:02:39]} 20. Rxa6 {[%clk 0:01:46]} Rc2 {[%clk 0:02:33]} 21. Nf3
{[%clk 0:01:40]} Be5 {[%clk 0:02:26]} 22. Nxe5 {[%clk 0:01:25]} fxe5
{[%clk 0:02:27]} 23. Rb1 {[%clk 0:00:51]} Rxe2 {[%clk 0:02:21]} 24. Rb6
{[%clk 0:00:48]} Rc8 {[%clk 0:02:14]} 25. Rxb5 {[%clk 0:00:48]} Rcc2
{[%clk 0:02:15]} 26. Rf1 {[%clk 0:00:46]} Rxb2 {[%clk 0:02:14]} 27. h4
{[%clk 0:00:31]} h6 {[%clk 0:02:07]} 28. Kf3 {[%clk 0:00:30]} Kg7
{[%clk 0:02:02]} 29. g4 {[%clk 0:00:29]} Red2 {[%clk 0:01:50]} 30. Rxe5
{[%clk 0:00:20]} Rxb3+ {[%clk 0:01:48]} 31. Re3 {[%clk 0:00:21]} Rxe3+
{[%clk 0:01:45]} 32. Kxe3 {[%clk 0:00:22]} Rd5 {[%clk 0:01:45]} 33. Rb1
{[%clk 0:00:21]} Ra5 {[%clk 0:01:45]} 34. Kf3 {[%clk 0:00:22]} Ra4
{[%clk 0:01:46]} 35. Kg3 {[%clk 0:00:23]} Ra3+ 36. f3 Ra4 {[%clk 0:01:47]} 37.
Rb5 {[%clk 0:00:26]} Rc4 38. h5 Ra4 {[%clk 0:01:43]} 39. Rb3 {[%clk 0:00:26]} Rc4
{[%clk 0:01:42]} 40. f4 {[%clk 0:00:28]} Rc1 {[%clk 0:01:42]} 41. g5
{[%clk 0:00:24]} Rg1+ {[%clk 0:01:35]} 42. Kh4 {[%clk 0:00:25]} Rh1+
{[%clk 0:01:34]} 43. Kg4 {[%clk 0:00:26]} Rg1+ {[%clk 0:01:35]} 44. Rg3
{[%clk 0:00:16]} Rxg3+ {[%clk 0:01:34]} 45. Kxg3 {[%clk 0:00:18]} e5
{[%clk 0:01:22]} 46. gxh6+ {[%clk 0:00:12]} Kxh6 {[%clk 0:01:22]} 47. fxe5
{[%clk 0:00:14]} Kxh5 {[%clk 0:01:23]} 48. Kf4 {[%clk 0:00:15]} Kg6
{[%clk 0:01:24]} 49. Kg4 {[%clk 0:00:17]} f6 {[%clk 0:01:17]} 50. e6
{[%clk 0:00:12]} f5+ {[%clk 0:01:17]} 51. Kf4 {[%clk 0:00:14]} Kf6
{[%clk 0:01:18]} 52. e7 {[%clk 0:00:15]} Kxe7 {[%clk 0:01:19]} 53. Kxf5
{[%clk 0:00:17]} 1/2-1/2

[Event "Team Championship (men blitz)"]
[Site "Sochi"]
[Date "2017.10.05"]
[Round "11.21"]
[White "Tsoi, Dmitry"]
[Black "Khismatullin, Denis"]
[Result "0-1"]
[LiveChessVersion "1.4.8"]
[BlackElo "2660"]
[WhiteElo "2357"]

1. e4 {[%clk 0:03:03]} c5 {[%clk 0:03:03]} 2. Nf3 e6 3. d4 {[%clk 0:03:04]} cxd4
{[%clk 0:03:05]} 4. Nxd4 a6 5. Nc3 {[%clk 0:03:06]} b5 {[%clk 0:03:08]} 6. Bd3
{[%clk 0:03:03]} Qb6 {[%clk 0:03:08]} 7. Nf3 {[%clk 0:02:38]} Qc7
{[%clk 0:03:05]} 8. O-O {[%clk 0:02:37]} Bb7 {[%clk 0:03:06]} 9. Be3
{[%clk 0:02:37]} Bc5 {[%clk 0:02:29]} 10. Qd2 {[%clk 0:02:28]} Nf6
{[%clk 0:02:23]} 11. Bf4 {[%clk 0:02:17]} d6 {[%clk 0:02:12]} 12. e5
{[%clk 0:02:16]} dxe5 {[%clk 0:02:07]} 13. Bxe5 {[%clk 0:02:17]} Qe7
{[%clk 0:01:54]} 14. Rae1 {[%clk 0:01:42]} Bxf3 {[%clk 0:01:42]} 15. gxf3
{[%clk 0:01:43]} Nbd7 {[%clk 0:01:42]} 16. Bg3 {[%clk 0:01:38]} O-O
{[%clk 0:01:41]} 17. Ne4 {[%clk 0:01:39]} Nxe4 {[%clk 0:01:39]} 18. Bxe4
{[%clk 0:01:38]} Rad8 {[%clk 0:01:35]} 19. Qf4 {[%clk 0:01:24]} Nf6
{[%clk 0:01:30]} 20. Bh4 {[%clk 0:01:19]} h6 {[%clk 0:01:13]} 21. Kh1
{[%clk 0:01:18]} Qd6 {[%clk 0:01:02]} 22. Qg3 {[%clk 0:01:03]} g5
{[%clk 0:00:30]} 23. f4 {[%clk 0:00:28]} Nxe4 {[%clk 0:00:31]} 24. Rxe4 Qd5 25.
f3 {[%clk 0:00:27]} f6 {[%clk 0:00:33]} 26. fxg5 {[%clk 0:00:24]} hxg5
{[%clk 0:00:31]} 27. Qg4 {[%clk 0:00:23]} Kf7 {[%clk 0:00:30]} 28. Bg3
{[%clk 0:00:09]} Rh8 {[%clk 0:00:31]} 29. Re2 {[%clk 0:00:04]} e5
{[%clk 0:00:22]} 30. Qf5 {[%clk 0:00:05]} Bd6 {[%clk 0:00:12]} 31. Kg2
{[%clk 0:00:03]} Qe6 {[%clk 0:00:12]} 32. Qxe6+ {[%clk 0:00:05]} Kxe6
{[%clk 0:00:13]} 33. Rh1 {[%clk 0:00:05]} Rdg8 {[%clk 0:00:14]} 34. Kf1
{[%clk 0:00:06]} Kf5 {[%clk 0:00:14]} 35. h4 {[%clk 0:00:07]} g4 {[%clk 0:00:16]}
36. fxg4+ {[%clk 0:00:06]} Rxg4 {[%clk 0:00:17]} 37. Be1 {[%clk 0:00:06]} Rh5
{[%clk 0:00:17]} 38. Rf2+ {[%clk 0:00:07]} Ke6 {[%clk 0:00:18]} 39. Ke2
{[%clk 0:00:08]} f5 {[%clk 0:00:19]} 40. Rf3 {[%clk 0:00:09]} f4 {[%clk 0:00:19]}
41. Rc3 {[%clk 0:00:08]} e4 {[%clk 0:00:19]} 42. Rc8 {[%clk 0:00:09]} Rg2+
{[%clk 0:00:14]} 43. Kf1 {[%clk 0:00:09]} f3 {[%clk 0:00:14]} 44. Re8+
{[%clk 0:00:07]} Kd5 {[%clk 0:00:14]} 45. Bf2 {[%clk 0:00:08]} Be5
{[%clk 0:00:07]} 46. b3 {[%clk 0:00:09]} e3 {[%clk 0:00:05]} 47. c4+
{[%clk 0:00:07]} bxc4 {[%clk 0:00:05]} 48. bxc4+ {[%clk 0:00:08]} Ke4
{[%clk 0:00:05]} 49. Bxe3 {[%clk 0:00:09]} Kxe3 {[%clk 0:00:06]} 0-1

[Event "Team Championship (men blitz)"]
[Site "Sochi"]
[Date "2017.10.05"]
[Round "11.22"]
[White "Pridorozhni, Aleksei"]
[Black "Murzin, Volodar"]
[Result "1-0"]
[LiveChessVersion "1.4.8"]
[BlackElo "2268"]
[WhiteElo "2671"]

1. e4 {[%clk 0:03:03]} c5 {[%clk 0:03:03]} 2. Nc3 {[%clk 0:03:03]} d6
{[%clk 0:03:04]} 3. Nf3 {[%clk 0:03:04]} Nf6 {[%clk 0:03:05]} 4. d4
{[%clk 0:03:05]} cxd4 {[%clk 0:03:06]} 5. Nxd4 {[%clk 0:03:07]} a6
{[%clk 0:03:07]} 6. Rg1 {[%clk 0:03:08]} e5 {[%clk 0:03:03]} 7. Nb3
{[%clk 0:03:09]} h5 {[%clk 0:02:54]} 8. h3 {[%clk 0:03:10]} Be6 {[%clk 0:02:54]}
9. g4 {[%clk 0:03:11]} hxg4 {[%clk 0:02:54]} 10. hxg4 {[%clk 0:03:13]} Be7
{[%clk 0:02:49]} 11. g5 {[%clk 0:03:14]} Nh5 {[%clk 0:02:46]} 12. Nd5
{[%clk 0:03:14]} Bxd5 {[%clk 0:02:42]} 13. Qxd5 {[%clk 0:03:14]} Nc6
{[%clk 0:02:34]} 14. c3 {[%clk 0:03:15]} Nf4 {[%clk 0:02:31]} 15. Bxf4
{[%clk 0:03:15]} exf4 {[%clk 0:02:31]} 16. g6 {[%clk 0:03:09]} fxg6
{[%clk 0:02:26]} 17. Rxg6 {[%clk 0:03:09]} Bf6 {[%clk 0:02:26]} 18. O-O-O
{[%clk 0:03:08]} Qe7 {[%clk 0:02:20]} 19. Be2 {[%clk 0:02:36]} O-O-O
{[%clk 0:01:40]} 20. Rgg1 {[%clk 0:02:20]} Qc7 {[%clk 0:01:09]} 21. Kb1
{[%clk 0:02:19]} Kb8 {[%clk 0:01:09]} 22. Qf5 {[%clk 0:02:11]} Rhe8
{[%clk 0:00:57]} 23. Qxf4 {[%clk 0:02:03]} d5 {[%clk 0:00:47]} 24. Qg4
{[%clk 0:01:30]} Rxe4 {[%clk 0:00:42]} 25. Qh5 {[%clk 0:01:31]} Rh4
{[%clk 0:00:31]} 26. Qf3 {[%clk 0:01:23]} Rf4 {[%clk 0:00:30]} 27. Qg3
{[%clk 0:01:17]} Re4 {[%clk 0:00:30]} 28. Bf3 {[%clk 0:01:16]} Qxg3
{[%clk 0:00:29]} 29. Rxg3 {[%clk 0:01:17]} Re5 {[%clk 0:00:26]} 30. Nc5
{[%clk 0:01:10]} Kc7 {[%clk 0:00:24]} 31. Nd3 {[%clk 0:01:06]} Ree8
{[%clk 0:00:22]} 32. Nf4 {[%clk 0:01:02]} d4 {[%clk 0:00:12]} 33. Nd5+
{[%clk 0:01:02]} Kb8 {[%clk 0:00:11]} 34. Nxf6 {[%clk 0:01:03]} gxf6
{[%clk 0:00:12]} 35. Bxc6 {[%clk 0:01:03]} bxc6 {[%clk 0:00:13]} 36. cxd4
{[%clk 0:01:03]} Re4 {[%clk 0:00:11]} 37. Rgd3 {[%clk 0:01:03]} Rf4
{[%clk 0:00:12]} 38. f3 {[%clk 0:01:03]} Kc7 {[%clk 0:00:13]} 39. Kc2
{[%clk 0:01:04]} Kd6 {[%clk 0:00:14]} 40. Kc3 {[%clk 0:01:05]} Rh8
{[%clk 0:00:12]} 41. Re1 {[%clk 0:00:58]} Rh3 {[%clk 0:00:12]} 42. Ree3
{[%clk 0:00:58]} Kd5 {[%clk 0:00:10]} 43. a4 {[%clk 0:00:59]} Rh1
{[%clk 0:00:07]} 44. Re8 {[%clk 0:00:58]} Rc1+ {[%clk 0:00:06]} 45. Kd2
{[%clk 0:00:56]} Rc4 {[%clk 0:00:05]} 46. Rd8+ {[%clk 0:00:56]} Ke6
{[%clk 0:00:06]} 47. b3 {[%clk 0:00:56]} Rb4 {[%clk 0:00:06]} 48. Re3+
{[%clk 0:00:50]} Kf5 {[%clk 0:00:06]} 49. Kc3 {[%clk 0:00:50]} Rb7
{[%clk 0:00:05]} 50. Rd6 {[%clk 0:00:50]} Rc7 {[%clk 0:00:06]} 51. b4
{[%clk 0:00:46]} Kg5 {[%clk 0:00:07]} 52. a5 {[%clk 0:00:44]} Kh4
{[%clk 0:00:08]} 53. Kc4 {[%clk 0:00:44]} Kg3 {[%clk 0:00:08]} 54. Ree6
{[%clk 0:00:42]} Rf7 {[%clk 0:00:05]} 55. Rxc6 {[%clk 0:00:42]} Kxf3
{[%clk 0:00:05]} 56. Rxa6 {[%clk 0:00:43]} Kg2 {[%clk 0:00:05]} 57. b5
{[%clk 0:00:41]} f5 {[%clk 0:00:03]} 58. Rf6 {[%clk 0:00:39]} Rd7
{[%clk 0:00:03]} 59. Rad6 {[%clk 0:00:39]} Rh7 {[%clk 0:00:04]} 60. a6
{[%clk 0:00:38]} Rf1 {[%clk 0:00:04]} 61. b6 {[%clk 0:00:37]} f4 {[%clk 0:00:05]}
62. b7 {[%clk 0:00:37]} Rc1+ {[%clk 0:00:04]} 63. Kd5 {[%clk 0:00:36]} Rh5+
{[%clk 0:00:05]} 64. Ke6 {[%clk 0:00:37]} Re1+ {[%clk 0:00:06]} 65. Kd7
{[%clk 0:00:35]} Rh7+ {[%clk 0:00:07]} 66. Kc6 {[%clk 0:00:36]} Rc1+
{[%clk 0:00:07]} 67. Kb6 {[%clk 0:00:37]} Rb1+ {[%clk 0:00:08]} 68. Ka7
{[%clk 0:00:38]} f3 {[%clk 0:00:09]} 69. Rb6 {[%clk 0:00:27]} Rxb6
{[%clk 0:00:07]} 70. Kxb6 {[%clk 0:00:28]} Rh8 {[%clk 0:00:05]} 71. a7
{[%clk 0:00:27]} 1-0

[Event "Team Championship (men blitz)"]
[Site "Sochi"]
[Date "2017.10.05"]
[Round "11.23"]
[White "Poliakov, Artem"]
[Black "Jakovenko, Dmitry"]
[Result "0-1"]
[LiveChessVersion "1.4.8"]
[BlackElo "2589"]
[WhiteElo "2185"]

1. c4 {[%clk 0:03:03]} c5 {[%clk 0:03:03]} 2. Nc3 {[%clk 0:03:04]} g6
{[%clk 0:03:04]} 3. g3 {[%clk 0:03:05]} Bg7 {[%clk 0:03:06]} 4. Bg2
{[%clk 0:03:07]} Nc6 {[%clk 0:03:07]} 5. e3 {[%clk 0:03:07]} e5 {[%clk 0:03:02]}
6. Nge2 {[%clk 0:03:08]} Nge7 {[%clk 0:03:02]} 7. O-O {[%clk 0:03:08]} O-O
{[%clk 0:03:03]} 8. Rb1 {[%clk 0:03:09]} d6 {[%clk 0:03:00]} 9. a3
{[%clk 0:03:08]} a5 {[%clk 0:02:58]} 10. Nd5 {[%clk 0:03:09]} Nxd5
{[%clk 0:02:52]} 11. cxd5 {[%clk 0:03:09]} Ne7 {[%clk 0:02:52]} 12. b4
{[%clk 0:03:10]} b6 {[%clk 0:02:47]} 13. Nc3 {[%clk 0:02:56]} axb4
{[%clk 0:02:35]} 14. axb4 {[%clk 0:02:56]} f5 {[%clk 0:02:33]} 15. bxc5
{[%clk 0:02:45]} bxc5 {[%clk 0:02:33]} 16. Bb2 {[%clk 0:02:32]} Ba6
{[%clk 0:02:30]} 17. Re1 {[%clk 0:02:33]} Bd3 {[%clk 0:02:29]} 18. Ra1
{[%clk 0:02:34]} Qb6 {[%clk 0:02:30]} 19. Na4 {[%clk 0:02:17]} Qb5
{[%clk 0:02:26]} 20. Bc3 {[%clk 0:02:11]} e4 {[%clk 0:02:18]} 21. Bxg7
{[%clk 0:01:49]} Kxg7 {[%clk 0:02:19]} 22. Nc3 {[%clk 0:01:50]} Qc4
{[%clk 0:02:20]} 23. Rxa8 {[%clk 0:01:41]} Rxa8 {[%clk 0:02:21]} 24. g4
{[%clk 0:01:41]} Nxd5 {[%clk 0:02:10]} 25. gxf5 {[%clk 0:01:38]} Nxc3
{[%clk 0:02:05]} 26. dxc3 {[%clk 0:01:39]} Qxc3 {[%clk 0:02:03]} 27. fxg6
{[%clk 0:01:32]} hxg6 {[%clk 0:02:05]} 28. Kh1 {[%clk 0:01:33]} Rb8
{[%clk 0:01:26]} 29. Bf1 {[%clk 0:00:52]} Rb1 {[%clk 0:01:02]} 30. Qxb1
{[%clk 0:00:38]} Bxb1 {[%clk 0:01:02]} 31. Rxb1 {[%clk 0:00:40]} Qc2
{[%clk 0:01:01]} 32. Rb7+ {[%clk 0:00:41]} Kf6 {[%clk 0:01:01]} 33. Kg1
{[%clk 0:00:42]} c4 {[%clk 0:00:59]} 34. Rd7 {[%clk 0:00:43]} Ke6
{[%clk 0:00:45]} 35. Rg7 {[%clk 0:00:34]} c3 {[%clk 0:00:42]} 36. Rxg6+
{[%clk 0:00:35]} Kd5 {[%clk 0:00:37]} 37. h4 {[%clk 0:00:31]} Qd1
{[%clk 0:00:37]} 38. Rg5+ {[%clk 0:00:32]} Kc6 {[%clk 0:00:37]} 39. Rg8
{[%clk 0:00:25]} c2 {[%clk 0:00:37]} 40. Rc8+ {[%clk 0:00:26]} Kd7
{[%clk 0:00:38]} 41. Rxc2 {[%clk 0:00:09]} Qxc2 {[%clk 0:00:38]} 42. Bh3+
{[%clk 0:00:09]} Ke7 {[%clk 0:00:39]} 43. Bg4 {[%clk 0:00:08]} Kf6
{[%clk 0:00:38]} 44. Kg2 {[%clk 0:00:09]} Qc3 {[%clk 0:00:38]} 45. h5
{[%clk 0:00:06]} Kg5 {[%clk 0:00:39]} 46. Be6 {[%clk 0:00:03]} Kxh5
{[%clk 0:00:39]} 47. Bf5 {[%clk 0:00:04]} d5 {[%clk 0:00:40]} 48. Kg3
{[%clk 0:00:05]} Kg5 {[%clk 0:00:41]} 49. Be6 {[%clk 0:00:06]} Qe5+
{[%clk 0:00:41]} 0-1